Normal view
MARC view
Entry Personal Name
001 - CONTROL NUMBER
- control field: 1219225
003 - CONTROL NUMBER IDENTIFIER
- control field: OSt
005 - DATE AND TIME OF LATEST TRANSACTION
- control field: 20260324144418.0
008 - FIXED-LENGTH DATA ELEMENTS
- fixed length control field: 260324|| aca||aabn | a|a d
040 ## - CATALOGING SOURCE
- Original cataloging agency: OSt
- Transcribing agency: OSt
100 ## - HEADING--PERSONAL NAME
- Personal name: Robert Ellwood; Harry Partin
670 ## - SOURCE DATA FOUND
- Source citation: Work cat.: (OSt)1825813: Robert Ellwood; Harry Partin, Religious and Spiritual Groups in Modern America
